000 00231nam a2200097Ia 4500
001 734197
005 20250826163829.0
008 250824s9999 xx 000 0 und d
245 0 _aÇANAKKALE 1915
_cMEHMET IŞIK
260 _bYEDİVEREN
999 _c734197
_d734197